Rada pre hospodársku spoluprácu v Ázii a v Tichomorí

Rada pre hospodársku spoluprácu v Ázii a v Tichomorí - APEC (Asian Pacific Economic Cooperation) bola založená 5.11.1989 podpisom dohody v Canbere. Pôvodné členské štáty APEC-u. Najvýznamnejšie výsledky summitov. Perspektívy APEC-u.

Salvato in:
Dettagli Bibliografici
Autore principale: Lipková, Ľudmila
Natura: Capitolo di libro
Lingua:slovacco
Soggetti:
Tags: Aggiungi Tag
Nessun Tag, puoi essere il primo ad aggiungerne!!

MARC

LEADER 00000naa a2200000 4500
001 r036607
005 20240502071333.1
041 0 |a slo 
044 |a SK 
245 1 0 |a Rada pre hospodársku spoluprácu v Ázii a v Tichomorí  |c Ľudmila Lipková 
520 |a Rada pre hospodársku spoluprácu v Ázii a v Tichomorí - APEC (Asian Pacific Economic Cooperation) bola založená 5.11.1989 podpisom dohody v Canbere. Pôvodné členské štáty APEC-u. Najvýznamnejšie výsledky summitov. Perspektívy APEC-u. 
610 2 0 |a APEC 
610 2 0 |a spolupráca hospodárska medzinárodná 
610 2 0 |a Ázia 
610 2 0 |a Tichomorie 
610 2 0 |a summity 
610 2 0 |a zoskupenia integračné medzinárodné 
610 2 0 |a história 
100 1 |a Lipková, Ľudmila